000 00680nam a22002177a 4500
003 LK-CoMWRAF
005 20231215160851.0
008 231109b2006 |||||||| |||| 00| 0 eng d
020 _a0073191531
040 _aLK-CoMWRAF
_dLK-CoMWRAF
_eLK-CoMWRAF
041 _aeng
082 _a370.973
_bTAK
245 _aTaking sides:
_bclashing views on controversial educational issues
250 _a13th expanded ed.
260 _aIowa:
_bMcGraw-Hill/Dushkin,
_c2006
300 _a xxii, 442 p. : illustrations ; 24 cm
_bIndex included
650 _aEducation--Aims and objectives--United States
650 _aEducation--United States
700 _a Noll, James Wm
_eed.
942 _cBK
999 _c4062
_d4062